000 00805nam a2200217Ia 4500
003 GCL
008 140319s9999 xx 000 0 ara d
040 _aGCL /
_cGCL
082 0 4 _a327.54
_bل ك
100 1 _aلطفى عبدالوهاب
245 1 0 _aالكيان العربى بين المقومات والامكانات دراسة ايديولوجية فىالبيئة الاجتماعية /
_cلطفى عبدالوهاب
260 _a[S.N] :
_bدار المعرفة الجامعية ،
_c1986
300 _a483 ص
490 _a
650 0 4 _aالعالم العربى
650 0 4 _aالاحوال السياسية
650 0 4 _aالنزاع العربى الاسرائيلى
650 0 4 _aالاحوال الاقتصادية
650 0 4 _aالقومية العربية
942 _2ddc
_cBK
999 _c30434
_d30434